Textbook of Human Resource Management in Industries of Pakistan / (Record no. 594257)
[ view plain ]
| 000 -LEADER | |
|---|---|
| fixed length control field | 00404nam a22001457a 4500 |
| 020 ## - INTERNATIONAL STANDARD BOOK NUMBER | |
| International Standard Book Number | 9789698296285 |
| 082 ## - DEWEY DECIMAL CLASSIFICATION NUMBER | |
| Classification number | 658.3 |
| Author Mark | KAM |
| 100 ## - MAIN ENTRY--PERSONAL NAME | |
| Personal name | Kamal, Raza |
| 245 ## - TITLE STATEMENT | |
| Title | Textbook of Human Resource Management in Industries of Pakistan / |
| Statement of responsibility, etc. | Raza Kamal |
| 250 ## - EDITION STATEMENT | |
| Edition statement | 2nd Edition. |
| 260 ## - PUBLICATION, DISTRIBUTION, ETC. | |
| Place of publication, distribution, etc. | Lahore : |
| Name of publisher, distributor, etc. | Ibrahim Publishers, |
| Date of publication, distribution, etc. | 2020. |
| 300 ## - PHYSICAL DESCRIPTION | |
| Extent | 288 p. ; |
| Dimensions | 24 cm. |
| 563 ## - BINDING INFORMATION | |
| Binding note | PBK. |
| 942 ## - ADDED ENTRY ELEMENTS (KOHA) | |
| Source of classification or shelving scheme | |
| Koha item type | Book |
| Withdrawn status | Lost status | Source of classification or shelving scheme | Damaged status | Not for loan | Permanent Location | Current Location | Shelving location | Date acquired | Source of acquisition | Total Checkouts | Full call number | Barcode | Date last seen | Price effective from | Koha item type |
|---|---|---|---|---|---|---|---|---|---|---|---|---|---|---|---|
| Central Library (CL) | Central Library (CL) | Human Resource Management | 03/24/2023 | Allied Book Management | 658.3 KAM | CL-1408 | 03/24/2023 | 03/24/2023 | Book |
